[Event "75th Tata Steel GpA"]
[Site "Wijk aan Zee NED"]
[Date "2013.01.15"]
[Round "4.5"]
[White "Aronian, Levon"]
[Black "Anand, Viswanathan"]
[Result "0-1"]
[WhiteElo "2802"]
[BlackElo "2772"]
[Annotator "Crowther,Mark"]
[PlyCount "46"]
[EventDate "2013.01.12"]

1. d4 d5 2. c4 c6 3. Nf3 Nf6 4. Nc3 e6 5. e3 Nbd7 6. Bd3 dxc4 7. Bxc4 b5 8. Bd3
Bd6 9. O-O O-O 10. Qc2 Bb7 11. a3 Rc8 (11... a6 12. Ng5 Bxh2+ 13. Kxh2 Ng4+ {
is a known line and the obvious question is why not on the following move?})
12. Ng5 (12. b4 {doesn't stop c5 as was discovered in the game
Topalov-Kasimdzhanov.} c5 $1 13. bxc5 Bxf3 14. gxf3 Nxc5 15. dxc5 Rxc5 16. f4 (
16. Bb2 Bxh2+ 17. Kxh2 Rh5+ 18. Kg2 Rg5+ 19. Kh3 Rh5+ 20. Kg2 Rg5+ 21. Kh3 Rh5+
22. Kg2 Rg5+ {1/2-1/2 Malakhatko,V (2558)-Khismatullin,D (2638)/St Petersburg
RUS 2012/The Week in Chess 939}) 16... Nd5 17. Bb2 Nxc3 18. Bxc3 Qc7 19. Rfc1
Rc8 20. Bxh7+ Kh8 21. Bd3 Rxc3 22. Qxc3 Qxc3 23. Rxc3 Rxc3 24. Bxb5 Bxa3 25.
Kg2 g6 26. Rd1 Rc7 27. Rd7 Rxd7 28. Bxd7 Kg7 29. e4 Kf6 30. Kf3 a5 31. e5+ Ke7
32. Ba4 Bc5 33. h3 Bb6 34. Bb5 Bc5 35. Ba4 Bb6 36. Bb5 Bc5 37. Ba4 {1/2-1/2
Topalov,V (2752)-Kasimdzhanov,R (2684)/London ENG 2012/ The Week in Chess 933})
12... c5 {"Of course this was our match preparation for Boris." - Anand. "To
be honest I didn't remember every last detail but of course it helps to know 
[the assessment and ideas in the position]".} (12... Bxh2+) (12... h6) 13. Nxh7
(13. Bxh7+ {"Is also a move but we found compensation for black everywhere." -
Anand although he admitted after analysing the game that it might be a better
continuation than the game.}) 13... Ng4 {Still preparation from Anand and very
tricky it is too.} 14. f4 {"He went 14.f4 and to be honest I was trying to
remember the details. So I spent about half an hour here which is strange if
you think it was preparation but of course it was a while back." - Anand.} (14.
h3 Bh2+ 15. Kh1 Qh4 {"and this is good for black." - Anand.}) 14... cxd4 15.
exd4 Bc5 $1 16. Be2 {"Might be the mistake." - Anand.} (16. dxc5 Nxc5 17. Qe2 {
Aronian said that if he'd seen what was coming he'd have tried to grovel out
with this idea but of course black has a huge position.} Qd4+ 18. Kh1 Nxd3 19.
Qxg4 Kxh7 20. Qg3 Rfd8) 16... Nde5 $3 {"I only know that the position is
supposed to be fine for black. I was only playing on that confidence." - Anand.
} (16... Bxd4+ 17. Kh1 Nf2+ 18. Rxf2 Bxf2 19. Nxf8 Nxf8 {and Anand thought he
was "doing excellently" here too.}) 17. Bxg4 Bxd4+ 18. Kh1 Nxg4 19. Nxf8 f5 $1
{"This move I am very proud of. To find it over the board is of course very
nice." - Anand.} (19... Qh4 20. Qh7+ {stops black's attack stone dead.}) 20.
Ng6 Qf6 21. h3 Qxg6 22. Qe2 Qh5 23. Qd3 (23. Rf3 {"I didn't see a defence. The
best he can do is get a worse ending here." - Anand.} Nf2+ (23... Bxf3 24. Qxf3
Nf2+) 24. Kh2 Bxf3 25. Qxf3 Qxf3 26. gxf3 Nd3) 23... Be3 $1 0-1

[Event "75th Tata Steel GpA"]
[Site "Wijk aan Zee NED"]
[Date "2013.01.15"]
[Round "4.3"]
[White "Carlsen, Magnus"]
[Black "Harikrishna, Pentala"]
[Result "1-0"]
[WhiteElo "2861"]
[BlackElo "2698"]
[Annotator "Crowther,Mark"]
[PlyCount "98"]
[EventDate "2013.01.12"]

1. e4 e5 2. Nf3 Nc6 3. c3 {No doubt the Ponziani didn't form a huge part of
Harikrishna's pre-game preparation. They end up in a standard Scotch where
white has the extra move c3 in which Carlsen thinks is a good extra move to
have.} Nf6 4. d4 d5 5. Bb5 exd4 6. e5 Ne4 7. Nxd4 Bd7 8. Bxc6 bxc6 9. O-O Be7 (
9... g6 10. Be3 c5 11. Ne2 c6 12. Nd2 Nxd2 13. Qxd2 Qa5 14. Bh6 Bxh6 15. Qxh6
O-O-O 16. b4 cxb4 17. cxb4 Qxb4 18. Rab1 Qe4 19. Qd2 Rde8 20. Qa5 Qxe2 21. Qxa7
Qxe5 22. Rb7 {1-0 Heberla,B (2484)-Tikkanen,H (2394)/Pardubice CZE 2007/The
Week in Chess 664}) 10. Be3 (10. f3 {1-0 Nasriddinzoda,M (2011)-Sabirova,O 
(2225)/Tashkent UZB 2011/The Week in Chess 866 (55)}) 10... O-O 11. Nd2 Nc5 {
Quite possibly the novely.} (11... Nxd2 12. Qxd2 c5 13. Ne2 Bb5 14. Rfd1 Bxe2
15. Qxe2 Qd7 16. Qd2 c6 17. b4 cxb4 18. cxb4 Rfb8 19. a3 Rb5 20. Bd4 a5 21. Bc3
axb4 22. axb4 Rab8 23. Ra4 h6 24. Qd4 Bf8 25. h3 Qf5 26. Ra5 R5b6 27. Ra4 Rb5
28. Ra5 R5b6 29. Ra4 Rb5 {1/2-1/2 Dueckstein,A-Unzicker,W/Siegen 1970/EXT 2002}
) 12. b4 Nb7 13. f4 a5 14. f5 axb4 15. cxb4 Bxb4 16. Qg4 Bc3 17. Rac1 Bxd4 18.
Bxd4 Rxa2 19. e6 f6 20. Nb3 Be8 21. Nc5 Nd6 {White has a huge bind in return
for the two pawns.} 22. Qf3 Qe7 23. Rf2 Ra5 24. Nb3 Rb5 25. Bc5 Bh5 26. Qc3 Qe8
27. Qe3 (27. Nd4) 27... Qa8 28. Nd4 Rxc5 29. Rxc5 Ne4 30. Nxc6 Nxf2 31. Kxf2
Qa2+ 32. Kg3 Re8 33. h3 Qa6 34. Qc3 Be2 35. Rxd5 Bb5 36. Nb4 (36. Nd4 {was
also very possible.} c6 37. Rd7 Qb6 38. Qb3) 36... Qb7 37. Qc5 (37. Rc5) 37...
Ba4 38. Rd7 $1 {Wins the c7 pawn but white's pieces remain uncoordinated.} Qe4
39. Rxc7 h5 40. Kh2 Kh7 (40... Bb3) 41. Qf2 Rg8 42. Na6 (42. Qf3 Qe5+ 43. g3
Kh6 44. Nd5 Qb2+ 45. Kg1 Rd8) 42... Be8 $2 {This seems to be the real losing
blunder. He should continue to hit white's material.} (42... Bb5 43. Nc5 Qe5+
44. Qg3 Qxf5 45. e7 Qd5 46. Nb7) 43. Rc5 Qd3 44. Nb4 Qd6+ 45. Kh1 Qd1+ 46. Qg1
Qd6 47. Nd5 Rf8 48. Qd4 {Now white has sorted his pieces out the win will come
quickly.} Kh8 49. Rc8 Bc6 (49... Bc6 {and resigns not waiting for the killing}
50. Nxf6) 1-0

[Event "75th Tata Steel GpA"]
[Site "Wijk aan Zee NED"]
[Date "2013.01.15"]
[Round "4.1"]
[White "Van Wely, Loek"]
[Black "L'Ami, Erwin"]
[Result "1-0"]
[WhiteTitle "GM"]
[BlackTitle "GM"]
[WhiteElo "2679"]
[BlackElo "2627"]
[WhiteFideId "1000268"]
[BlackFideId "1007998"]
[EventDate "2013.01.12"]

1. d4 Nf6 2. Bg5 c5 3. Bxf6 gxf6 4. d5 Qb6 5. Qc1 f5 6. c4 Bg7 7. Nc3 d6 8. e3
Nd7 9. Qc2 Qa5 10. Nh3 Nb6 11. Bd3 Bd7 12. O-O Bxc3 13. bxc3 e6 14. dxe6 fxe6
15. e4 fxe4 16. Bxe4 O-O-O 17. Ng5 Rhg8 18. Nf7 Nxc4 19. Nxd8 Qxd8 20. Qe2 d5
21. Bd3 Nd6 22. Qe3 c4 23. Bxh7 Rh8 24. Bc2 Kc7 25. Rfe1 Qf6 26. a4 Qh6 27. Qe5
Qh5 28. Qxh5 Rxh5 29. g4 Rh4 30. f3 b5 31. Kg2 Rh8 32. Kg3 a5 33. axb5 Nxb5 34.
Re3 Ra8 35. Ba4 Nd6 36. h4 Bxa4 37. Rxa4 Nb7 38. h5 Nc5 39. Ra2 Kd6 40. f4 a4
41. h6 Ke7 42. g5 Kf7 43. Kg4 Ne4 44. Rh3 Kg8 45. g6 Kh8 46. f5 exf5+ 47. Kxf5
a3 48. Ke5 Ra6 49. h7 1-0

[Event "75th Tata Steel GpA"]
[Site "Wijk aan Zee NED"]
[Date "2013.01.15"]
[Round "4.2"]
[White "Giri, Anish"]
[Black "Leko, Peter"]
[Result "1/2-1/2"]
[WhiteTitle "GM"]
[BlackTitle "GM"]
[WhiteElo "2720"]
[BlackElo "2735"]
[WhiteFideId "24116068"]
[BlackFideId "703303"]
[EventDate "2013.01.12"]

1. d4 Nf6 2. c4 e6 3. Nc3 Bb4 4. Qc2 O-O 5. Nf3 d5 6. a3 Bxc3+ 7. Qxc3 dxc4 8.
Qxc4 b6 9. Bg5 Ba6 10. Qa4 Qd7 11. Qxd7 Nbxd7 12. Rc1 Rfc8 13. e3 Bb7 14. Be2
Ne4 15. Bh4 c5 16. O-O cxd4 17. Nxd4 g5 18. Bg3 Nxg3 19. hxg3 a6 20. f3 Rxc1 21.
Rxc1 Rc8 22. Rxc8+ Bxc8 23. Kf2 Kg7 24. g4 Bb7 25. e4 Kf8 26. Ke3 Nf6 27. b4 Ke7
28. Nb3 h5 29. gxh5 Nxh5 30. Nd2 f6 31. a4 Kd6 32. Bc4 Nf4 1/2-1/2

[Event "75th Tata Steel GpA"]
[Site "Wijk aan Zee NED"]
[Date "2013.01.15"]
[Round "4.4"]
[White "Nakamura, Hikaru"]
[Black "Karjakin, Sergey"]
[Result "1/2-1/2"]
[WhiteTitle "GM"]
[BlackTitle "GM"]
[WhiteElo "2769"]
[BlackElo "2780"]
[WhiteFideId "2016192"]
[BlackFideId "14109603"]
[EventDate "2013.01.12"]

1. d4 Nf6 2. c4 e6 3. Nf3 b6 4. g3 Ba6 5. Nbd2 d5 6. Bg2 Be7 7. O-O O-O 8. Ne5
c5 9. Nb3 Bb7 10. dxc5 bxc5 11. Bg5 Na6 12. Qd2 Rc8 13. Rac1 Qc7 14. Bxf6 Bxf6
15. Ng4 Be7 16. cxd5 exd5 17. Qa5 Qd7 18. Ne3 d4 19. Bxb7 Qxb7 20. Nf5 Rfe8 21.
Nxe7+ Rxe7 22. Nxc5 Nxc5 23. Rxc5 h6 24. Rxc8+ Qxc8 25. Re1 Qa8 26. f3 Qc8 27.
Qd5 Rd7 28. Qf5 g6 29. Qd3 Rd5 30. e4 Rc5 31. Re2 Rc4 32. Kg2 Qc5 33. e5 Kg7 34.
Qe4 Rc1 35. f4 Qc4 36. e6 fxe6 37. b3 Qc5 38. Qxe6 Rc2 39. Qe4 Rxe2+ 40. Qxe2
Qc3 41. Qe7+ Kg8 42. Qe4 d3 43. Qxg6+ Kf8 44. f5 Qc2+ 45. Kf3 d2 46. Qxh6+ Ke8
47. Qe6+ Kd8 48. Qd6+ Kc8 49. Qe6+ Kc7 50. Qe7+ Kb6 1/2-1/2

[Event "75th Tata Steel GpA"]
[Site "Wijk aan Zee NED"]
[Date "2013.01.15"]
[Round "4.6"]
[White "Wang, Hao"]
[Black "Hou, Yifan"]
[Result "1-0"]
[WhiteTitle "GM"]
[BlackTitle "GM"]
[WhiteElo "2752"]
[BlackElo "2603"]
[WhiteFideId "8602883"]
[BlackFideId "8602980"]
[EventDate "2013.01.12"]

1. d4 Nf6 2. c4 e6 3. Nc3 Bb4 4. e3 O-O 5. Bd3 d5 6. Nf3 c5 7. O-O Nc6 8. a3
Bxc3 9. bxc3 Qc7 10. Bb2 Re8 11. Qe2 dxc4 12. Bxc4 e5 13. h3 a6 14. Rad1 b5 15.
Ba2 e4 16. Nd2 Be6 17. d5 Nxd5 18. c4 bxc4 19. Nxe4 c3 20. Nxc3 Nxc3 21. Bxc3
Bxa2 22. Qxa2 h6 23. Qe2 Re6 24. Rd2 Ne7 25. Rfd1 Qc6 26. Qc4 Re8 27. Rd7 Re4
28. Qb3 Re6 29. Qb7 Qa4 30. Bb2 Qc2 31. Rc1 Qg6 32. Qc7 Nf5 33. Kh2 Rb6 34. Ba1
Rc6 35. Qf4 Qe6 36. Rcd1 c4 37. Bc3 Qg6 38. e4 Ne7 39. f3 Qh5 40. a4 Qc5 41. Rb7
Qa3 42. Bb4 Qxa4 43. Rxe7 Rxe7 44. Rd8+ Kh7 45. Bxe7 c3 46. Qxf7 1-0

[Event "75th Tata Steel GpA"]
[Site "Wijk aan Zee NED"]
[Date "2013.01.15"]
[Round "4.7"]
[White "Caruana, Fabiano"]
[Black "Sokolov, Ivan"]
[Result "1-0"]
[WhiteTitle "GM"]
[BlackTitle "GM"]
[WhiteElo "2781"]
[BlackElo "2663"]
[WhiteFideId "2020009"]
[BlackFideId "14400030"]
[EventDate "2013.01.12"]

1. e4 e5 2. Nf3 Nc6 3. Bb5 a6 4. Ba4 Nf6 5. O-O b5 6. Bb3 Bb7 7. d3 Bc5 8. a4 h6
9. Nc3 b4 10. Nd5 d6 11. a5 O-O 12. Be3 Nd7 13. Qd2 Kh7 14. c3 Bxe3 15. fxe3 Nc5
16. Bc2 b3 17. Bb1 Rb8 18. d4 Nd7 19. Bd3 Kh8 20. Ra3 Nxa5 21. Rxa5 c6 22. c4
cxd5 23. cxd5 Qb6 24. Ra4 Rbe8 25. Rb4 Qa7 26. Rxb3 Bxd5 27. exd5 e4 28. Nh4
exd3 29. Nf5 Rb8 30. Qxd3 Rxb3 31. Qxb3 Nf6 32. Nxh6 Rb8 33. Qa3 Qc7 34. Nf5 Ne4
35. Qd3 Re8 36. Ng3 Nxg3 37. hxg3 a5 38. e4 Rb8 39. Qd2 Rb4 40. Kh2 f6 41. Qe2
Kg8 42. Qg4 Kf8 43. Rf5 1-0

[Event "75th Tata Steel GpB"]
[Site "Wijk aan Zee NED"]
[Date "2013.01.15"]
[Round "4.1"]
[White "Naiditsch, Arkadij"]
[Black "Dubov, Daniil"]
[Result "1/2-1/2"]
[WhiteTitle "GM"]
[BlackTitle "GM"]
[WhiteElo "2708"]
[BlackElo "2600"]
[WhiteFideId "4650891"]
[BlackFideId "24126055"]
[EventDate "2013.01.12"]

1. c4 c6 2. d4 d5 3. cxd5 cxd5 4. Bf4 Nc6 5. e3 Nf6 6. Nc3 Bg4 7. Qb3 Na5 8.
Qa4+ Bd7 9. Qc2 Rc8 10. Bd3 e6 11. Nf3 b5 12. Qe2 Nc4 13. O-O Be7 14. Rac1 a6
15. b3 Na5 16. Ne5 O-O 17. g4 Nc6 18. g5 Nxe5 19. dxe5 Ne8 20. h4 g6 21. e4 Bb4
22. Bd2 Qa5 23. Qe1 Ng7 24. Rc2 Nh5 25. exd5 Nf4 26. Bxf4 Bxc3 27. Bd2 Qb4 28.
Be4 exd5 29. Rxc3 Qxe4 30. Qxe4 dxe4 31. Rfc1 Rxc3 32. Rxc3 Rc8 33. Rxc8+ Bxc8
34. Bb4 Bf5 35. Kf1 e3 36. fxe3 Bb1 37. a4 bxa4 38. bxa4 a5 39. Bxa5 Bc2 40. Bb4
Bxa4 41. Kf2 1/2-1/2

[Event "75th Tata Steel GpB"]
[Site "Wijk aan Zee NED"]
[Date "2013.01.15"]
[Round "4.2"]
[White "Ipatov, Alexander"]
[Black "Smeets, Jan"]
[Result "1/2-1/2"]
[WhiteTitle "GM"]
[BlackTitle "GM"]
[WhiteElo "2587"]
[BlackElo "2615"]
[WhiteFideId "14116731"]
[BlackFideId "1007246"]
[EventDate "2013.01.12"]

1. d4 d5 2. c4 c6 3. Nf3 Nf6 4. Nc3 e6 5. Bg5 dxc4 6. a4 Bb4 7. e4 Bxc3+ 8. bxc3
Qa5 9. e5 Ne4 10. Bd2 c5 11. Bxc4 Nxd2 12. Qxd2 cxd4 13. cxd4 Qxd2+ 14. Kxd2 Nc6
15. Rhc1 Ke7 16. Rab1 Rb8 17. Ke3 f6 18. exf6+ gxf6 19. Bd3 Bd7 20. g4 h6 21.
Nh4 Kd6 22. f4 Rhg8 23. h3 h5 24. Ng6 hxg4 25. hxg4 Be8 26. f5 Bxg6 27. fxg6 Ne7
28. Rf1 b6 29. Kd2 f5 30. gxf5 exf5 31. Bxf5 Nxf5 32. Rxf5 Rxg6 33. Rh1 Rbg8 34.
Kd3 Rg1 35. Rh6+ R8g6 36. Rxg6+ Rxg6 37. Rf7 a6 38. Ra7 Rg3+ 39. Kc4 b5+ 40.
axb5 axb5+ 41. Kxb5 1/2-1/2

[Event "75th Tata Steel GpB"]
[Site "Wijk aan Zee NED"]
[Date "2013.01.15"]
[Round "4.3"]
[White "Nikolic, Predrag"]
[Black "Tiviakov, Sergei"]
[Result "0-1"]
[WhiteTitle "GM"]
[BlackTitle "GM"]
[WhiteElo "2619"]
[BlackElo "2655"]
[WhiteFideId "14400014"]
[BlackFideId "1008013"]
[EventDate "2013.01.12"]

1. d4 Nf6 2. c4 e6 3. Nf3 b6 4. g3 Bb4+ 5. Nbd2 Bb7 6. Bg2 O-O 7. O-O d5 8. cxd5
exd5 9. Ne5 Re8 10. Ndf3 Bd6 11. Bg5 c5 12. Rc1 h6 13. Bxf6 Qxf6 14. Ng4 Qe6 15.
dxc5 bxc5 16. Ne3 Nd7 17. b4 Rad8 18. Qa4 d4 19. bxc5 dxe3 20. cxd6 exf2+ 21.
Rxf2 Nf6 22. Qxa7 Bd5 23. Nh4 Rxd6 24. Nf5 Rd7 25. Rc7 Rxc7 26. Qxc7 Bxg2 27.
Kxg2 Ne4 28. Rf4 Ng5 29. Qb7 Qxe2+ 30. Rf2 Qg4 31. Qb1 Ne4 32. h3 Qg5 33. Qb5
Rd8 34. h4 Qf6 35. Rf4 Nc3 36. Qb7 Qe6 37. Qb2 Qe1 38. Nd4 Nd5 39. Rf2 Ne3+ 40.
Kf3 Nd1 0-1

[Event "75th Tata Steel GpB"]
[Site "Wijk aan Zee NED"]
[Date "2013.01.15"]
[Round "4.4"]
[White "Rapport, Richard"]
[Black "Movsesian, Sergei"]
[Result "1-0"]
[WhiteTitle "GM"]
[BlackTitle "GM"]
[WhiteElo "2621"]
[BlackElo "2688"]
[WhiteFideId "738590"]
[BlackFideId "310204"]
[EventDate "2013.01.12"]

1. d4 d5 2. c4 c6 3. e3 Nf6 4. Nc3 a6 5. Nf3 b5 6. c5 g6 7. Ne5 Bg7 8. Be2 Nfd7
9. f4 Nxe5 10. fxe5 O-O 11. O-O Ra7 12. Bd2 f6 13. exf6 Rxf6 14. Qb3 Rxf1+ 15.
Rxf1 e5 16. e4 Be6 17. exd5 cxd5 18. Ne4 Nc6 19. Bg5 Qb8 20. Bg4 Bxg4 21. Qxd5+
Kh8 22. Qxc6 exd4 23. Bf6 d3 24. Bxg7+ Rxg7 25. Qd5 h6 26. Qd4 Bf5 27. Nd6 Qf8
28. Qxd3 Rd7 29. Qd5 Qf6 30. b4 Kh7 31. h3 Qc3 32. c6 Qe3+ 33. Kh2 Be6 34. cxd7
Bxd5 35. d8=Q Qe5+ 36. Kg1 Qe3+ 37. Rf2 Qe1+ 38. Rf1 Qe3+ 39. Kh2 Qe5+ 40. Kh1 1-0

[Event "75th Tata Steel GpB"]
[Site "Wijk aan Zee NED"]
[Date "2013.01.15"]
[Round "4.6"]
[White "Van Kampen, Robin"]
[Black "Grandelius, Nils"]
[Result "0-1"]
[WhiteTitle "GM"]
[BlackTitle "GM"]
[WhiteElo "2581"]
[BlackElo "2572"]
[WhiteFideId "1020854"]
[BlackFideId "1710400"]
[EventDate "2013.01.12"]

1. e4 c5 2. Nf3 d6 3. d4 cxd4 4. Qxd4 Nf6 5. Bg5 Nc6 6. Bb5 Qa5+ 7. Nc3 Qxb5 8.
Nxb5 Nxd4 9. Nfxd4 Nxe4 10. Nc7+ Kd8 11. Nxa8 Nxg5 12. Nb5 a6 13. Nc3 b5 14. Nb6
Bb7 15. f3 Ne6 16. a4 bxa4 17. Rxa4 Nc5 18. Rb4 Kc7 19. Nca4 Nxa4 20. Nxa4 e6
21. Rc4+ Bc6 22. b3 d5 23. Rd4 e5 24. Rd1 f5 25. O-O Bd6 26. Kh1 g5 27. Nc3 d4
28. Nb1 Rb8 29. Nd2 Bd5 30. Rfe1 a5 31. Nf1 Bf7 32. Nd2 Rb5 33. g4 fxg4 34. fxg4
Rc5 35. Rc1 Rc6 36. Kg1 Bb4 37. Rf1 Bd5 38. Nc4 Bxc4 39. bxc4 Rxc4 40. Rf5 d3
41. Rf7+ Kc6 0-1

[Event "75th Tata Steel GpB"]
[Site "Wijk aan Zee NED"]
[Date "2013.01.15"]
[Round "4.7"]
[White "Timman, Jan H"]
[Black "Turov, Maxim"]
[Result "1/2-1/2"]
[WhiteTitle "GM"]
[BlackTitle "GM"]
[WhiteElo "2566"]
[BlackElo "2630"]
[WhiteFideId "1000012"]
[BlackFideId "4120086"]
[EventDate "2013.01.12"]

1. e4 c6 2. d4 d5 3. Nd2 dxe4 4. Nxe4 Bf5 5. Ng3 Bg6 6. h4 h6 7. Nf3 Nd7 8. h5
Bh7 9. Bd3 Bxd3 10. Qxd3 e6 11. Bf4 Qa5+ 12. Bd2 Bb4 13. c3 Bd6 14. Ne4 Bc7 15.
c4 Qf5 16. Nc5 Qxd3 17. Nxd3 Ngf6 18. Nfe5 Rd8 19. Nxd7 Rxd7 20. Rh4 O-O 21. Bc3
Bd6 22. O-O-O Be7 23. g3 Rc8 24. Kc2 Rdd8 25. b3 Nd5 26. Rhh1 Nxc3 27. Kxc3 Bf6
28. Ne5 c5 29. f4 cxd4+ 30. Rxd4 Rxd4 1/2-1/2